| 000 | 00473nam a22001697a 4500 | ||
|---|---|---|---|
| 003 | OSt | ||
| 008 | 260504b |||||||| |||| 00| 0 eng d | ||
| 082 |
_a633.15 _bT30C |
||
| 100 | _aThakur, Shambhu Sharan | ||
| 245 | _aConsumptive use of Water by Winter Hybrid Maize under Different Moisture Regimes and Plant Densities | ||
| 260 |
_aSabour, Bhagalpur _bBAU _c1966 |
||
| 300 | _a114P. | ||
| 502 |
_bMsc. _d1966 |
||
| 650 | _aAgronomy | ||
| 650 | _aMsc. | ||
| 942 |
_2ddc _cT |
||
| 999 |
_c50388 _d50388 |
||